000 nam a22 a 4500
999 _c406347
_d406347
003 BLK
005 20210408093611.0
008 210407b bu |||||r|||| 00| | bu d
040 _aBLK
041 _aBUL
_cBUL
041 _aFRE
_cFRE
080 _aДемография. Изучаване на населението
_b314
_z314
110 _9446831
_aБългарско Княжество. Статистическо бюро
139 _aДвижение на населението
245 _aДвижение на населението в Българското княжество през 1889 г.
246 _aМouvemeiut de la population dans la principaute de Bulgarie pendant l'annee 1889
260 _9213202
_aСофия
_bСтатист. бюро
_c1892
300 _aVІ, 472 с.
_c30 см
380 _a3
500 _aПаралел. загл. на фр. ез.
650 0 _9403496
_aБългария – Население – Статистика
852 _aРб 892
942 _cKNG
_n0
_s1
944 _aCR
_c2021-04-07
_kВ.Р.
999 _d406347